[Event "Quebec-ch classe 2000+"]
[Site "Montreal CAN"]
[Date "2005.10.08"]
[Round "2"]
[White "Lacroix, Serge"]
[Black "Gadbois, Patrick"]
[Result "1-0"]
[WhiteElo "2013"]
[BlackElo "1939"]
[PlyCount "85"]
[EventDate "2005.10.10"]
[EventType "swiss"]
[EventRounds "5"]
[EventCountry "CAN"]

1. e4 e6 2. d4 d5 3. Nc3 Nf6 4. Bg5 Be7 5. e5 Nfd7 6. Bxe7 Qxe7 7. f4 O-O 8.
Nf3 c5 9. Nb5 Nc6 10. c3 cxd4 11. cxd4 f6 12. Qd2 fxe5 13. fxe5 a6 14. Nd6 Rxf3
15. gxf3 Qh4+ 16. Qf2 Nxd4 17. Qxh4 Nxf3+ 18. Kf2 Nxh4 19. Bh3 Nf5 20. Bxf5
exf5 21. Rac1 Nb6 22. Nxc8 Nxc8 23. Rc7 Rb8 24. Rg1 g6 25. h4 Nb6 26. h5 Nc4
27. hxg6 Nxe5 28. gxh7+ Kh8 29. Rg8+ Rxg8 30. hxg8=Q+ Kxg8 31. Rxb7 d4 32. b3
Kf8 33. Ra7 f4 34. Rxa6 Ke7 35. Ra4 Nc6 36. b4 Kd6 37. b5 Ne5 38. Rxd4+ Kc5 39.
Re4 Nd3+ 40. Ke2 Nc1+ 41. Kd2 Nxa2 42. Ra4 Nb4 43. Rxb4 1-0

[Event "Quebec-ch classe 2000+"]
[Site "Montreal CAN"]
[Date "2005.10.09"]
[Round "3"]
[White "Lacroix, Serge"]
[Black "Bekteshi, Muhamet"]
[Result "1-0"]
[WhiteElo "2013"]
[BlackElo "2061"]
[PlyCount "86"]
[EventDate "2005.10.10"]
[EventType "swiss"]
[EventRounds "5"]
[EventCountry "CAN"]

1. e4 c6 2. d4 d5 3. Nc3 dxe4 4. Nxe4 Bf5 5. Ng3 Bg6 6. h4 h6 7. h5 Bh7 8. Nf3
e6 9. Bd3 Bxd3 10. Qxd3 Nf6 11. Bd2 Nbd7 12. O-O-O Bd6 13. Ne4 Nxe4 14. Qxe4
Nf6 15. Qe2 Qc7 16. c4 O-O-O 17. Bc3 Rhe8 18. Ne5 Re7 19. Kb1 Ne8 20. g4 Bxe5
21. dxe5 Red7 22. Kc2 Qb6 23. Rxd7 Rxd7 24. Rd1 Rxd1 25. Kxd1 c5 26. Qf3 Qc7
27. Kc2 Qd7 28. b3 Nc7 29. Qe4 Ne8 30. f4 Kc7 31. Qh7 Kd8 32. g5 hxg5 33. fxg5
Qc6 34. h6 Qh1 35. Qd3+ Kc8 36. hxg7 Nxg7 37. Qd6 Qe4+ 38. Kb2 Qg2+ 39. Ka3
Qxg5 40. Qxc5+ Kd7 41. Qd6+ Kc8 42. Qf8+ Kd7 43. Qxf7+ Kc8 1-0

[Event "Quebec-ch classe 2000+"]
[Site "Montreal CAN"]
[Date "2005.10.09"]
[Round "4"]
[White "Le Duin, Thierry"]
[Black "Lacroix, Serge"]
[Result "1-0"]
[WhiteElo "2053"]
[BlackElo "2013"]
[Annotator "Brodie,Hugh"]
[PlyCount "53"]
[EventDate "2005.10.10"]
[EventType "swiss"]
[EventRounds "5"]
[EventCountry "CAN"]

1. d4 Nf6 2. Bg5 e6 3. Nf3 d5 4. e3 c5 5. c3 Be7 6. Nbd2 Nbd7 7. Bd3 b6 8. Ne5
Bb7 9. f4 O-O 10. Qf3 h6 11. h4 Nxe5 12. fxe5 Ne4 13. Bxe7 Nxd2 14. Bxd8 Nxf3+
15. gxf3 Raxd8 16. Rg1 f6 17. exf6 Rxf6 18. f4 Bc6 19. Kd2 Be8 20. Rg3 cxd4 21.
cxd4 Rc8 22. Rgg1 Rc7 23. Rac1 Rxc1 24. Rxc1 Bg6 25. Rc8+ Kh7 26. Bxg6+ Kxg6
27. Rc7 {etc.} 1-0

[Event "Quebec-ch classe 2000+"]
[Site "Montreal CAN"]
[Date "2005.10.10"]
[Round "5"]
[White "Clark, Stephan"]
[Black "Lacroix, Serge"]
[Result "1-0"]
[WhiteElo "2138"]
[BlackElo "2013"]
[PlyCount "83"]
[EventDate "2005.10.10"]
[EventType "swiss"]
[EventRounds "5"]
[EventCountry "CAN"]

1. d4 Nf6 2. Nf3 e6 3. Bf4 d5 4. e3 Bd6 5. Ne5 Nfd7 6. Qg4 Nxe5 7. dxe5 Bf8 8.
Bd3 c5 9. c3 b6 10. O-O Qc7 11. e4 dxe4 12. Bxe4 Bb7 13. Bxb7 Qxb7 14. Na3 Nc6
15. Rfd1 Ne7 16. Bg5 b5 17. c4 h5 18. Qe2 b4 19. Nb5 Nf5 20. Nd6+ Bxd6 21. exd6
Kd7 22. Bf4 f6 23. h3 Rae8 24. Bh2 Nd4 25. Rxd4 cxd4 26. c5 Rh6 27. Rc1 Rc8 28.
f3 a5 29. Kh1 Rhh8 30. Qc4 e5 31. Qf7+ Kc6 32. Qe6 Qd7 33. Qb3 Rb8 34. Qd3 Rhc8
35. Qe4+ Kb5 36. Qd5 Qc6 37. Qc4+ Ka4 38. d7 Rc7 39. Rc2 d3 40. Qxd3 Rxd7 41.
b3+ Ka3 42. Qf1 1-0

[Event "Dimanche 2005.09.18"]
[Site "Montreal CAN"]
[Date "2005.09.25"]
[Round "2"]
[White "Nguyen, Minh Ly"]
[Black "Lacroix, Serge"]
[Result "1-0"]
[WhiteElo "1661"]
[BlackElo "1962"]
[PlyCount "98"]
[EventDate "2005.09.18"]
[EventType "tourn"]
[EventRounds "5"]
[EventCountry "CAN"]

1. d4 Nf6 2. Nf3 d5 3. c4 e6 4. g3 dxc4 5. Qa4+ Bd7 6. Qxc4 Bc6 7. Bg2 Nbd7 8.
O-O Be7 9. Nc3 O-O 10. Qd3 Re8 11. Rd1 Nf8 12. a3 a5 13. e4 Ng6 14. Bg5 h6 15.
Bxf6 Bxf6 16. Rac1 Ra6 17. a4 Rb6 18. Qc2 Rb4 19. b3 Qc8 20. Na2 Rb6 21. Nd2
Bxd4 22. Nc4 e5 23. Nxb6 Bxb6 24. Nc3 h5 25. Qe2 h4 26. Nd5 Bd4 27. Qd2 hxg3
28. hxg3 Bxd5 29. exd5 Qg4 30. Qxa5 Re7 31. d6 cxd6 32. Qd8+ Kh7 33. Qxd6 Re6
34. Qd5 Rf6 35. Rxd4 exd4 36. Be4 Kh6 37. Qxd4 Nf4 38. Qe3 g5 39. Bf3 Nh3+ 40.
Kg2 Rxf3 41. Qxf3 Nf4+ 42. Qxf4 gxf4 43. Rc4 f3+ 44. Kf1 Qe6 45. Rh4+ Kg5 46.
Rf4 Qe2+ 47. Kg1 Qe1+ 48. Kh2 Qxf2+ 49. Kh3 Qg2# 1-0

[Event "Dimanche 2005.06.05"]
[Site "Montreal CAN"]
[Date "2005.06.12"]
[Round "2"]
[White "Gauthier, Denis"]
[Black "Lacroix, Serge"]
[Result "0-1"]
[WhiteElo "1925"]
[BlackElo "1997"]
[PlyCount "58"]
[EventDate "2005.06.05"]
[EventType "tourn"]
[EventRounds "5"]
[EventCountry "CAN"]

1. d4 Nf6 2. c4 c5 3. d5 b5 4. cxb5 a6 5. f3 d6 6. e4 g6 7. Nc3 Bg7 8. Bc4 O-O
9. Nge2 Nbd7 10. bxa6 Ne5 11. Bb5 Bxa6 12. Bxa6 Rxa6 13. O-O Qb6 14. Rb1 Rb8
15. Kh1 c4 16. Nd4 Nd3 17. Nc6 Rb7 18. Qe2 e6 19. Be3 Qc7 20. Qd2 exd5 21. exd5
Nxd5 22. Nxd5 Qxc6 23. Nc3 d5 24. Bg5 f5 25. a3 d4 26. Ne2 Rab6 27. b4 Qb5 28.
Nf4 Nxf4 29. Qxf4 Qe5 0-1

[Event "Quebec-ch qual. 2"]
[Site "Montreal CAN"]
[Date "2005.05.13"]
[Round "1"]
[White "Lacroix, Serge"]
[Black "Louis, Jean-Kenel"]
[Result "1-0"]
[WhiteElo "1956"]
[BlackElo "1556"]
[PlyCount "75"]
[EventDate "2005.05.13"]
[EventType "swiss"]
[EventRounds "5"]
[EventCountry "CAN"]

1. e4 g6 2. d4 Bg7 3. Nf3 d6 4. Nc3 c6 5. Bd3 d5 6. Be3 Bg4 7. e5 Qb6 8. Rb1 e6
9. h3 Bxf3 10. Qxf3 h5 11. O-O Nd7 12. Ne2 Nh6 13. Nf4 O-O 14. Qg3 Nf5 15. Bxf5
exf5 16. e6 Nf6 17. exf7+ Rxf7 18. Qxg6 h4 19. Ne6 Ne8 20. Ng5 Rf6 21. Qh7+ Kf8
22. Qxh4 Kg8 23. c3 Nd6 24. Bf4 Raf8 25. Qg3 Rd8 26. Bxd6 Rfxd6 27. Rfe1 Rg6
28. Re6 Rxe6 29. Nxe6 Rd7 30. Nxg7 Rxg7 31. Qb8+ Kh7 32. Qf8 Kg6 33. Re1 c5 34.
dxc5 Qc6 35. Re3 Kh6 36. Qxf5 Rg6 37. Qf4+ Rg5 38. h4 1-0

[Event "Quebec-ch qual. 2"]
[Site "Montreal CAN"]
[Date "2005.05.14"]
[Round "3"]
[White "Lacroix, Serge"]
[Black "Gauthier, Denis"]
[Result "1-0"]
[WhiteElo "1977"]
[BlackElo "1897"]
[PlyCount "63"]
[EventDate "2005.05.13"]
[EventType "swiss"]
[EventRounds "5"]
[EventCountry "CAN"]

1. e4 d5 2. exd5 Nf6 3. d4 Bg4 4. Be2 Bxe2 5. Qxe2 Qxd5 6. Nf3 e6 7. O-O Nc6 8.
Be3 Be7 9. c4 Qh5 10. Nc3 O-O 11. h3 a6 12. a3 Rab8 13. Rfd1 Rfd8 14. Rd2 b5
15. b3 bxc4 16. bxc4 Rb3 17. Nd1 Rdb8 18. Rda2 Qa5 19. Bd2 Qb6 20. Be3 Qb7 21.
Nd2 Rb6 22. d5 exd5 23. Bxb6 cxb6 24. cxd5 Nxd5 25. Nf3 Bf6 26. Rc1 h6 27. Rac2
Na5 28. Nd2 Bg5 29. Qg4 Nf6 30. Rc8+ Kh7 31. Rxb8 Qxb8 32. Qf5+ 1-0

[Event "Quebec-ch qual. 2"]
[Site "Montreal CAN"]
[Date "2005.05.15"]
[Round "4"]
[White "Lacroix, Serge"]
[Black "Libersan, Thierry"]
[Result "1/2-1/2"]
[WhiteElo "1977"]
[BlackElo "2078"]
[PlyCount "92"]
[EventDate "2005.05.13"]
[EventType "swiss"]
[EventRounds "5"]
[EventCountry "CAN"]

1. e4 c5 2. Nf3 d6 3. d4 cxd4 4. Nxd4 Nf6 5. Nc3 a6 6. Bg5 e6 7. f4 Nbd7 8. Qf3
Qc7 9. O-O-O b5 10. Bxb5 axb5 11. Ndxb5 Qb8 12. e5 Bb7 13. Qe2 dxe5 14. Qc4 Bc5
15. Bxf6 gxf6 16. Rxd7 Be3+ 17. Kb1 Kxd7 18. Rd1+ Bd4 19. fxe5 fxe5 20. Nxd4
exd4 21. Qxd4+ Ke7 22. Qc5+ Kf6 23. Qd4+ Kg6 24. Qg4+ Kf6 25. Rf1+ Ke7 26. Qg5+
Ke8 27. Qb5+ Kf8 28. Qc5+ Ke8 29. Qb5+ Ke7 30. Qc5+ Ke8 31. Nb5 f5 32. Nc7+ Kf7
33. Nxe6 Kxe6 34. Qxf5+ Kd6 35. Rd1+ Kc6 36. Qe6+ Kc5 37. Qe7+ Kc6 38. Qd7+ Kc5
39. Qd4+ Kb5 40. Qd3+ Kc5 41. Qc3+ Kb5 42. Qb3+ Kc5 43. Qe3+ Kc6 44. Qc3+ Kb5
45. Qb3+ Kc5 46. Qc3+ Kb5 1/2-1/2

[Event "Quebec-ch qual. 2"]
[Site "Montreal CAN"]
[Date "2005.05.15"]
[Round "5"]
[White "Rodriguez, Aaron"]
[Black "Lacroix, Serge"]
[Result "1-0"]
[WhiteElo "1837"]
[BlackElo "1977"]
[PlyCount "115"]
[EventDate "2005.05.13"]
[EventType "swiss"]
[EventRounds "5"]
[EventCountry "CAN"]

1. e4 c5 2. Nf3 Nc6 3. d4 cxd4 4. Nxd4 Nf6 5. Nc3 d6 6. Be2 e5 7. Nb3 Be6 8.
Be3 d5 9. exd5 Nxd5 10. Nxd5 Qxd5 11. Qxd5 Bxd5 12. O-O O-O-O 13. Bb5 Nd4 14.
Nxd4 exd4 15. Bf4 Bd6 16. Bxd6 Rxd6 17. Rfd1 Rb6 18. c4 Be6 19. Rd2 Rd8 20. h3
a6 21. Ba4 Bd7 22. Bd1 Rd6 23. c5 Rd5 24. Bb3 Rxc5 25. Bxf7 Bf5 26. g4 Bc2 27.
Rc1 d3 28. Bb3 Rd6 29. Bxc2 Rdc6 30. Rxd3 Rxc2 31. Rxc2 Rxc2 32. Rc3+ Rxc3 33.
bxc3 g5 34. h4 h6 35. hxg5 hxg5 36. Kg2 Kd7 37. Kf3 Ke6 38. Ke4 b5 39. a3 a5
40. f4 gxf4 41. g5 f3 42. Kxf3 Kf5 43. Ke3 Kxg5 44. Kd4 Kf6 45. Kc5 b4 46. cxb4
axb4 47. axb4 Ke7 48. Kc6 Kd8 49. b5 Kc8 50. b6 Kb8 51. b7 Ka7 52. Kc7 Ka6 53.
b8=Q Ka5 54. Kc6 Ka4 55. Kc5 Ka3 56. Kc4 Ka2 57. Kc3 Ka1 58. Qb2# 1-0

[Event "Quebec-ch qual. 1"]
[Site "Montreal CAN"]
[Date "2005.04.29"]
[Round "1"]
[White "Lacroix, Serge"]
[Black "Millette, Sylvain"]
[Result "1-0"]
[WhiteElo "1988"]
[BlackElo "1545"]
[PlyCount "59"]
[EventDate "2005.04.29"]
[EventType "swiss"]
[EventRounds "5"]
[EventCountry "CAN"]

1. e4 Nf6 2. e5 Nd5 3. d4 d6 4. Nf3 dxe5 5. Nxe5 g6 6. c4 Nf6 7. Nc3 Bg7 8. Be3
c6 9. Be2 Nbd7 10. Nxd7 Bxd7 11. h3 O-O 12. O-O Ne8 13. Qd2 Nd6 14. g4 e5 15.
Bg5 Qc7 16. c5 Nc8 17. dxe5 Qxe5 18. Bf4 Qd4 19. Qxd4 Bxd4 20. Rfd1 Bxc3 21.
Rxd7 Bxb2 22. Rb1 Ba3 23. Rbxb7 Bxc5 24. Bc4 Ne7 25. Rxe7 Bxe7 26. Rxe7 Rae8
27. Bxf7+ Rxf7 28. Rxe8+ Kg7 29. Be3 Rc7 30. Bc5 1-0

[Event "Quebec-ch qual. 1"]
[Site "Montreal CAN"]
[Date "2005.04.30"]
[Round "2"]
[White "Joanis, Marc-Andre"]
[Black "Lacroix, Serge"]
[Result "0-1"]
[WhiteElo "1688"]
[BlackElo "1988"]
[PlyCount "88"]
[EventDate "2005.04.29"]
[EventType "swiss"]
[EventRounds "5"]
[EventCountry "CAN"]

1. c4 e5 2. g3 c6 3. d4 exd4 4. Qxd4 d5 5. cxd5 cxd5 6. Bg2 Nf6 7. Nf3 Nc6 8.
Qa4 Be7 9. O-O O-O 10. Nc3 Be6 11. Rd1 Qd7 12. e4 Rfd8 13. exd5 Nxd5 14. Nxd5
Bxd5 15. Ng5 Qf5 16. Bxd5 Rxd5 17. Rxd5 Qxd5 18. Qb3 Qxb3 19. axb3 Nd4 20. Ne4
Nxb3 21. Rb1 f5 22. Bg5 Bb4 23. Nc3 h6 24. Be3 Bc5 25. Bxc5 Nxc5 26. Nd5 Kf7
27. Rc1 Ne6 28. Re1 Rd8 29. Rd1 Nc7 30. Ne3 Rxd1+ 31. Nxd1 Ke6 32. Kf1 Nd5 33.
Ke2 f4 34. Kd3 Ke5 35. Ke2 Kd4 36. Kf3 fxg3 37. hxg3 a5 38. Ke2 b5 39. Kd2 h5
40. f4 Ke4 41. Ke2 a4 42. Nf2+ Kd4 43. Nd3 b4 44. Kd2 a3 0-1

[Event "Quebec-ch qual. 1"]
[Site "Montreal CAN"]
[Date "2005.05.01"]
[Round "4"]
[White "Gauthier, Denis"]
[Black "Lacroix, Serge"]
[Result "0-1"]
[WhiteElo "1892"]
[BlackElo "1988"]
[PlyCount "36"]
[EventDate "2005.04.29"]
[EventType "swiss"]
[EventRounds "5"]
[EventCountry "CAN"]

1. d4 Nf6 2. c4 e6 3. Nf3 b6 4. e3 Bb7 5. Bd3 c5 6. Nc3 d5 7. b3 Be7 8. O-O
Nbd7 9. Bb2 O-O 10. Qc2 Rc8 11. Ne5 cxd4 12. exd4 dxc4 13. bxc4 h6 14. f4 Nxe5
15. dxe5 Bc5+ 16. Kh1 Ng4 17. Qe2 Qh4 18. h3 Qxh3# 0-1

[Event "Paques"]
[Site "Montreal CAN"]
[Date "2005.03.25"]
[Round "1"]
[White "Lacroix, Serge"]
[Black "Larochelle, Martial"]
[Result "1/2-1/2"]
[WhiteElo "1965"]
[BlackElo "2173"]
[PlyCount "46"]
[EventDate "2005.03.25"]
[EventType "swiss"]
[EventRounds "5"]
[EventCountry "CAN"]

1. d4 Nf6 2. c4 g6 3. Nc3 d5 4. cxd5 Nxd5 5. e4 Nxc3 6. bxc3 Bg7 7. Bc4 c5 8.
Ne2 O-O 9. O-O Nc6 10. Be3 e6 11. f4 Qc7 12. Rc1 Rd8 13. Qd2 Qa5 14. Rfd1 b6
15. Qb2 cxd4 16. cxd4 Bb7 17. Bb5 Qb4 18. Qxb4 Nxb4 19. a3 Na6 20. Kf2 Rac8 21.
Rxc8 Rxc8 22. Rc1 Rxc1 23. Bxc1 Nc7 1/2-1/2

[Event "Paques"]
[Site "Montreal CAN"]
[Date "2005.03.26"]
[Round "3"]
[White "Lacroix, Serge"]
[Black "Gilman, Arkadiy"]
[Result "1-0"]
[WhiteElo "2005"]
[BlackElo "2185"]
[PlyCount "21"]
[EventDate "2005.03.25"]
[EventType "swiss"]
[EventRounds "5"]
[EventCountry "CAN"]

1. d4 Nf6 2. c4 e6 3. Nf3 b6 4. Nc3 Bb7 5. Bf4 Be7 6. a3 d5 7. cxd5 exd5 8. e3
O-O 9. Bd3 Nbd7 10. Rc1 Re8 11. Nb5 1-0

[Event "Paques"]
[Site "Montreal CAN"]
[Date "2005.03.28"]
[Round "4"]
[White "Carrier, Claude"]
[Black "Lacroix, Serge"]
[Result "1/2-1/2"]
[WhiteElo "2086"]
[BlackElo "1965"]
[Annotator "Brodie,Hugh"]
[PlyCount "50"]
[EventDate "2005.03.25"]
[EventType "swiss"]
[EventRounds "5"]
[EventCountry "CAN"]

1. e4 c5 2. Nf3 Nc6 3. d4 cxd4 4. Nxd4 Nf6 5. Nc3 e5 6. Ndb5 d6 7. Bg5 a6 8.
Bxf6 gxf6 9. Na3 Bg7 10. Nc4 Nd4 11. Nd5 Be6 12. Ncb6 Bxd5 13. Nxd5 O-O 14. c3
Ne6 15. Bd3 Nf4 16. Nxf4 exf4 17. Qh5 Re8 18. O-O Qb6 19. Bc4 Re7 20. Rad1 Qxb2
21. Rd3 Rc8 22. Bb3 Rc5 23. Qh3 Rxe4 24. Rxd6 h6 25. Rfd1 Rxc3 {etc.} 1/2-1/2

[Event "Paques"]
[Site "Montreal CAN"]
[Date "2005.03.27"]
[Round "5"]
[White "Libersan, Thierry"]
[Black "Lacroix, Serge"]
[Result "1-0"]
[WhiteElo "2054"]
[BlackElo "1965"]
[PlyCount "74"]
[EventDate "2005.03.25"]
[EventType "swiss"]
[EventRounds "5"]
[EventCountry "CAN"]

1. e4 e5 2. Nf3 Nc6 3. Bb5 a6 4. Ba4 Nf6 5. O-O Be7 6. Re1 b5 7. Bb3 O-O 8. a4
Rb8 9. axb5 axb5 10. c3 d6 11. d3 Bg4 12. Nbd2 Qd7 13. h3 Be6 14. Bc2 Ra8 15.
Rxa8 Rxa8 16. Ng5 Nd8 17. Nxe6 Nxe6 18. Nf3 c5 19. d4 Qc7 20. Be3 h6 21. g3 Ra2
22. Qb1 Ra8 23. d5 Nd8 24. Nh4 Nb7 25. b4 c4 26. Nf5 Bf8 27. Qb2 Qc8 28. Kg2
Kh7 29. Ra1 g6 30. Nh4 Nd7 31. Ra3 Nd8 32. Qa1 Rxa3 33. Qxa3 Qb7 34. Nf3 f6 35.
Nd2 h5 36. Qa5 Nf7 37. Nb1 f5 1-0

[Event "Dimanche 2005.02.13"]
[Site "Montreal CAN"]
[Date "2005.02.13"]
[Round "1"]
[White "Katch, Gary"]
[Black "Lacroix, Serge"]
[Result "1/2-1/2"]
[WhiteElo "1720"]
[BlackElo "1929"]
[PlyCount "98"]
[EventDate "2005.02.19"]
[EventType "tourn"]
[EventRounds "5"]
[EventCountry "CAN"]

1. e4 c5 2. c3 Nf6 3. e5 Nd5 4. d4 cxd4 5. cxd4 Nc6 6. Nf3 d6 7. exd6 Qxd6 8.
Nc3 Nxc3 9. bxc3 g6 10. Bc4 Bg7 11. O-O O-O 12. a4 Na5 13. Be2 Be6 14. Ba3 Qc7
15. Bb4 Nc4 16. a5 Bd5 17. Re1 Rfe8 18. Bxc4 Bxc4 19. Ne5 e6 20. Nxc4 Qxc4 21.
Qe2 Rac8 22. Qxc4 Rxc4 23. Red1 Rd8 24. Rab1 Rd7 25. f4 Bf8 26. Bxf8 Kxf8 27.
Rb3 b6 28. axb6 axb6 29. Kf2 Rdc7 30. Rd3 b5 31. Rxb5 Rxc3 32. Rxc3 Rxc3 33. d5
Rc2+ 34. Kf3 Rc3+ 35. Kf2 exd5 36. Rxd5 h5 37. h4 Ke7 38. Rb5 Ke6 39. g3 f6 40.
Ra5 Rd3 41. Rb5 Rd5 42. Rxd5 Kxd5 43. Ke3 Kd6 44. Kd4 Ke6 45. Ke4 f5+ 46. Kd4
Kd6 47. Kc4 Kc6 48. Kd4 Kd6 49. Kc4 Kc6 1/2-1/2

[Event "Dimanche 2005.02.13"]
[Site "Montreal CAN"]
[Date "2005.03.12"]
[Round "4"]
[White "Lacroix, Serge"]
[Black "Ramaswamy, Kishor"]
[Result "1-0"]
[WhiteElo "1929"]
[BlackElo "2077"]
[PlyCount "43"]
[EventDate "2005.02.19"]
[EventType "tourn"]
[EventRounds "5"]
[EventCountry "CAN"]

1. d4 d5 2. c4 e6 3. Nf3 Nf6 4. Nc3 Nbd7 5. Bf4 Be7 6. e3 c6 7. Bd3 dxc4 8.
Bxc4 b5 9. Bd3 Bb7 10. O-O a6 11. Rc1 O-O 12. Ne4 Nxe4 13. Bxe4 Rc8 14. Ne5
Nxe5 15. Bxe5 f5 16. Bf3 Qb6 17. Qb3 Kf7 18. e4 fxe4 19. Bxe4 c5 20. Bxh7 cxd4
21. Qg3 Rxc1 22. Qg6# 1-0

[Event "Dimanche 2005.01.09"]
[Site "Montreal CAN"]
[Date "2005.01.09"]
[Round "1"]
[White "Lacroix, Serge"]
[Black "Blais, Richard"]
[Result "0-1"]
[WhiteElo "1938"]
[BlackElo "1761"]
[Annotator "Brodie,Hugh"]
[PlyCount "73"]
[EventDate "2005.01.09"]
[EventType "tourn"]
[EventRounds "5"]
[EventCountry "CAN"]

1. e4 e5 2. f4 Bc5 3. Nf3 d6 4. Bc4 Nf6 5. fxe5 dxe5 6. d3 Nc6 7. Qe2 O-O 8.
Be3 Bxe3 9. Qxe3 Ng4 10. Qc5 Nd4 11. Nxd4 exd4 12. O-O Ne3 13. Rf2 b6 14. Qh5
Nxc4 15. dxc4 Bb7 16. Nd2 Qe7 17. Raf1 Rad8 18. e5 Qe6 19. h3 Rde8 20. Re1 c5
21. b3 Qg6 22. Qxg6 hxg6 23. Nf3 Bxf3 24. gxf3 f6 25. f4 fxe5 26. fxe5 Rxf2 27.
Kxf2 Kf7 28. Kf3 Rh8 29. e6+ Ke7 30. Kg4 Rh5 31. h4 Rf5 32. Re4 Rf2 33. Kg5
Rxc2 34. Kxg6 Rg2+ 35. Kf5 Rxa2 36. Rg4 Rf2+ 37. Ke5 {etc.} 0-1

[Event "Dimanche 2005.01.09"]
[Site "Montreal CAN"]
[Date "2005.01.23"]
[Round "3"]
[White "Charron, Guillaume"]
[Black "Lacroix, Serge"]
[Result "0-1"]
[WhiteElo "1767"]
[BlackElo "1938"]
[PlyCount "60"]
[EventDate "2005.01.09"]
[EventType "tourn"]
[EventRounds "5"]
[EventCountry "CAN"]

1. e4 c5 2. Nc3 e5 3. Bc4 d6 4. Nf3 Be7 5. d3 Nf6 6. Bg5 Be6 7. Bxf6 Bxf6 8.
O-O Nc6 9. Nd5 O-O 10. Ne3 a6 11. a4 Rb8 12. c3 Qd7 13. a5 Bd8 14. b4 cxb4 15.
cxb4 Nxb4 16. Qb1 Nc6 17. Bxa6 bxa6 18. Qe1 Rb5 19. Nc4 Bxc4 20. dxc4 Rxa5 21.
Rb1 Rc5 22. Qc3 Qe6 23. Rb7 Qxc4 24. Qxc4 Rxc4 25. Rd7 Rxe4 26. Rxd6 Nd4 27.
Nxd4 Rxd4 28. Rxa6 Bf6 29. g3 h5 30. h4 Rb8 0-1

[Event "Dimanche 2005.01.09"]
[Site "Montreal CAN"]
[Date "2005.01.30"]
[Round "4"]
[White "Randon, Luciano"]
[Black "Lacroix, Serge"]
[Result "0-1"]
[WhiteElo "1941"]
[BlackElo "1938"]
[PlyCount "50"]
[EventDate "2005.01.09"]
[EventType "tourn"]
[EventRounds "5"]
[EventCountry "CAN"]

1. d4 Nf6 2. c4 g6 3. Nc3 d5 4. cxd5 Nxd5 5. e4 Nxc3 6. bxc3 Bg7 7. Bc4 O-O 8.
Ne2 c5 9. O-O Nc6 10. Be3 cxd4 11. cxd4 Bg4 12. f3 Na5 13. Bd3 Be6 14. d5 Bxa1
15. Qxa1 f6 16. Bh6 Re8 17. Nd4 Bd7 18. Kh1 Rc8 19. e5 Nc4 20. f4 Ne3 21. Qb1
Qb6 22. Nb3 Bf5 23. Re1 Bxd3 24. Qxd3 Ng4 25. Rf1 Nf2+ 0-1

[Event "Monteregie-A"]
[Site "Sainte-Hyacinthe CAN"]
[Date "2004.11.06"]
[Round "1"]
[White "Lacroix, Serge"]
[Black "Cloutier, Alain"]
[Result "1-0"]
[WhiteElo "1918"]
[BlackElo "1624"]
[PlyCount "79"]
[EventDate "2004.11.06"]
[EventType "swiss"]
[EventRounds "5"]
[EventCountry "CAN"]

1. e4 c5 2. Nf3 Nc6 3. d4 cxd4 4. Nxd4 Nf6 5. Nc3 d6 6. Bg5 e6 7. Qd2 h6 8.
Bxf6 Qxf6 9. Ndb5 Qd8 10. O-O-O Be7 11. Nxd6+ Qxd6 12. Qxd6 Bxd6 13. Rxd6 Ke7
14. Rd2 a6 15. Be2 Rd8 16. Rhd1 Rxd2 17. Rxd2 b5 18. f4 Bb7 19. a3 Na5 20. b3
Rc8 21. Kb2 Bc6 22. Bf3 Rd8 23. Rxd8 Kxd8 24. Na2 f5 25. exf5 exf5 26. Nb4 Bxf3
27. gxf3 Kc7 28. Nxa6+ Kd7 29. Kc3 Nc6 30. Nb4 Ne7 31. Kd4 Kd6 32. c4 bxc4 33.
bxc4 Ng6 34. c5+ Kc7 35. Nd3 Nh4 36. Ne5 g5 37. fxg5 hxg5 38. a4 g4 39. fxg4
fxg4 40. Ke4 1-0

[Event "Monteregie-A"]
[Site "Sainte-Hyacinthe CAN"]
[Date "2004.11.06"]
[Round "2"]
[White "Tessier, Olivier"]
[Black "Lacroix, Serge"]
[Result "1/2-1/2"]
[WhiteElo "2156"]
[BlackElo "1918"]
[PlyCount "61"]
[EventDate "2004.11.06"]
[EventType "swiss"]
[EventRounds "5"]
[EventCountry "CAN"]

1. e4 c5 2. Nf3 Nc6 3. d4 cxd4 4. Nxd4 Nf6 5. Nc3 d6 6. Bg5 e5 7. Ndb5 a6 8.
Na3 b5 9. Bxf6 gxf6 10. Nd5 Bg7 11. c3 O-O 12. Bd3 Be6 13. O-O Ne7 14. Nxe7+
Qxe7 15. Qh5 Rac8 16. Nc2 Rfd8 17. Ne3 Rc5 18. a4 Rb8 19. axb5 axb5 20. Ra6 f5
21. exf5 Bc8 22. f6 Qxf6 23. Bxh7+ Kf8 24. Ra7 e4 25. Qe2 Qh4 26. f3 Qxh7 27.
fxe4 Rb7 28. Ra8 Qxe4 29. Qd2 Re7 30. Nd5 Re8 31. Nb6 1/2-1/2

[Event "Monteregie-A"]
[Site "Sainte-Hyacinthe CAN"]
[Date "2004.11.06"]
[Round "3"]
[White "Lacroix, Serge"]
[Black "Campbell, Martin-Alexandre"]
[Result "1-0"]
[WhiteElo "1918"]
[BlackElo "1800"]
[Annotator "Brodie,Hugh"]
[PlyCount "70"]
[EventDate "2004.11.06"]
[EventType "swiss"]
[EventRounds "5"]
[EventCountry "CAN"]

1. e4 e5 2. Nf3 Nc6 3. Bb5 a6 4. Ba4 Nf6 5. O-O Be7 6. Re1 b5 7. Bb3 d6 8. c3
O-O 9. h3 Na5 10. Bc2 c5 11. d4 Qc7 12. Nbd2 Bb7 13. Nf1 cxd4 14. cxd4 Rac8 15.
Bb1 Rfd8 16. d5 Qd7 17. b3 Ba8 18. Ng3 g6 19. a4 Rxc1 20. Qxc1 Nxb3 21. Qb2
Nxa1 22. axb5 Qxb5 23. Qxa1 Rb8 24. Qc3 Bd8 25. Bd3 Ba5 26. Qc2 Qb7 27. Ra1 Rc8
28. Qe2 Rc5 29. Bxa6 Qc7 30. Bd3 Rc1+ 31. Rxc1 Qxc1+ 32. Kh2 Bb6 33. Qa2 Bb7
34. Nh1 Qf4+ 35. Ng3 Kg7 {etc.} 1-0

[Event "Monteregie-A"]
[Site "Sainte-Hyacinthe CAN"]
[Date "2004.11.07"]
[Round "4"]
[White "Bolduc, Steve"]
[Black "Lacroix, Serge"]
[Result "1-0"]
[WhiteElo "2266"]
[BlackElo "1918"]
[Annotator "Brodie,Hugh"]
[PlyCount "97"]
[EventDate "2004.11.06"]
[EventType "swiss"]
[EventRounds "5"]
[EventCountry "CAN"]

1. d4 Nf6 2. c4 g6 3. Nc3 d5 4. cxd5 Nxd5 5. e4 Nxc3 6. bxc3 Bg7 7. Rb1 O-O 8.
Nf3 c5 9. Be2 cxd4 10. cxd4 Qa5+ 11. Bd2 Qxa2 12. O-O Qe6 13. Qc2 Qc6 14. Qd3
Bg4 15. h3 Bxf3 16. Bxf3 e5 17. d5 Qd7 18. Qb3 Na6 19. Qxb7 Qxb7 20. Rxb7 Nc5
21. Rb5 Rfc8 22. Be3 Bf8 23. Rc1 Nd3 24. Rxc8 Rxc8 25. Bxa7 Rc1+ 26. Kh2 Rc2
27. Rb8 Kg7 28. Rd8 Be7 29. Rd7 Bg5 30. Be3 Bxe3 31. fxe3 Ne1 32. Kg3 Rc3 33.
Kf2 Nc2 34. Bg4 Nxe3 35. Be6 Nd1+ 36. Ke2 Nb2 37. Rxf7+ Kh6 38. d6 Rc2+ 39. Kf1
Nc4 40. d7 Ne3+ 41. Kg1 Rxg2+ 42. Kh1 Rd2 43. Rf8 Rd1+ 44. Kh2 Rd2+ 45. Kg3 Rd3
46. d8=Q Nf5+ 47. Kf2 Nd4 48. Qh4+ Kg7 49. Rg8# 1-0

[Event "Monteregie-A"]
[Site "Sainte-Hyacinthe CAN"]
[Date "2004.11.07"]
[Round "5"]
[White "Lacroix, Serge"]
[Black "Papineau (Granby), Daniel"]
[Result "1/2-1/2"]
[WhiteElo "1918"]
[BlackElo "2027"]
[PlyCount "59"]
[EventDate "2004.11.06"]
[EventType "swiss"]
[EventRounds "5"]
[EventCountry "CAN"]

1. d4 Nf6 2. c4 e6 3. Nc3 Bb4 4. e3 c5 5. Nge2 cxd4 6. exd4 O-O 7. a3 Be7 8. d5
exd5 9. cxd5 Bd6 10. g3 h6 11. Bg2 Re8 12. O-O Bf8 13. Nd4 d6 14. Re1 Na6 15.
Bf4 Bg4 16. Rxe8 Qxe8 17. Qd2 Qd7 18. Re1 Nc5 19. f3 Bh5 20. h4 Bg6 21. Bf1 a6
22. Kh2 Re8 23. Rxe8 Qxe8 24. g4 Na4 25. Bc4 Nxc3 26. Qxc3 Qd7 27. Qe3 Qc8 28.
Bb3 Qc5 29. Qc3 Qb6 30. Kg3 1/2-1/2